Electronic commerce 2012: a managerial and social networks perspective. / (Record no. 7752)

MARC details
000 -LEADER
fixed length control field 01441nam a22002417a 4500
003 - CONTROL NUMBER IDENTIFIER
control field OSt
005 - DATE AND TIME OF LATEST TRANSACTION
control field 20210812101652.0
008 - FIXED-LENGTH DATA ELEMENTS--GENERAL INFORMATION
fixed length control field 120530t xxu||||| |||| 00| 0 eng d
020 ## - INTERNATIONAL STANDARD BOOK NUMBER
International Standard Book Number 9780273761341
020 ## - INTERNATIONAL STANDARD BOOK NUMBER
International Standard Book Number 027376134X
040 ## - CATALOGING SOURCE
Transcribing agency LC
050 ## - LIBRARY OF CONGRESS CALL NUMBER
Classification number HF5548.32.E38
245 ## - TITLE STATEMENT
Title Electronic commerce 2012: a managerial and social networks perspective. /
Statement of responsibility, etc. Efraim Turban ...[et al.]
250 ## - EDITION STATEMENT
Edition statement 7th ed.
260 ## - PUBLICATION, DISTRIBUTION, ETC.
Place of publication, distribution, etc. Boston:
Name of publisher, distributor, etc. Pearson,
Date of publication, distribution, etc. 2012.
300 ## - PHYSICAL DESCRIPTION
Extent 791 p. :
Other physical details ill. ;
500 ## - GENERAL NOTE
General note Includes index.
505 ## - FORMATTED CONTENTS NOTE
Formatted contents note Contents: 1. Introduction to e-commerce and e-marketplaces: Overview of electronic commerce-- E-commerce: mechanisms, infrastructure and tools -- 2. EC applications: Retailing in electronic commerce: products and services -- B2B e-commerce -- Innovative EC systems -- 3. Emerging EC platforms: Mobile commerce and ubiquitous computing -- Social commerce -- 4. EC support services: Marketing and advertising in e-commerce -- E-commerce security and fraud protection -- Electronic commerce payment systems -- Order fulfilment along the supply chain and other EC support services -- 5. E-commerce strategy and implementation: EC strategy, globalization and SMEs -- Implementing EC systems -- E-commerce: regulatory, ethical and social environments -- <br/><br/>
650 ## - SUBJECT ADDED ENTRY--TOPICAL TERM
Topical term or geographic name entry element Electronic commerce.
650 ## - SUBJECT ADDED ENTRY--TOPICAL TERM
Topical term or geographic name entry element Electronic data interchange.
650 ## - SUBJECT ADDED ENTRY--TOPICAL TERM
Topical term or geographic name entry element Business enterprises
General subdivision Computer networks
942 ## - ADDED ENTRY ELEMENTS (KOHA)
Source of classification or shelving scheme Library of Congress Classification
Koha item type Books
Holdings
Withdrawn status Lost status Source of classification or shelving scheme Damaged status Not for loan Home library Current library Date acquired Source of acquisition Full call number Barcode Date last seen Price effective from Koha item type
    Library of Congress Classification     WISCONSIN INTERNATIONAL UNIVERSITY COLLEGE, GHANA KUMASI LIBRARY WISCONSIN INTERNATIONAL UNIVERSITY COLLEGE, GHANA KUMASI LIBRARY 29/07/2021 STM HF5548.32.E38(7e) K/977/977/19 29/07/2021 29/07/2021 Books

If you have any concerns or questions; kindly contact the library


© Powered by WIUC ICT DIRECTORATE